Logo na W - Statystyki

Ogólne statystyki
  • Ten quiz został rozwiązany 30 razy
  • Średni wynik to 12 z 16
Statystyki odpowiedzi
Obrazkowy Hint Odpowiedź % Poprawnych
Komunikator Whatsapp
100%
Strona internetowa Wikipedia
100%
System Windows
100%
Karma dla kotów Whiskas
95%
Wiadomości Wirtualna Polska
95%
Ubezpieczenia Warta
86%
Program Word
86%
Wytwórnia filmowa Warner Bros
82%
Linia lotnicza Wizz Air
82%
Organizacja WWF
73%
AGD Whirlpool
64%
Organizacja Wielka Orkiestra Świątecznej Pomocy
59%
Influencer Waksy
50%
Pożyczki Wonga
45%
Narzędzia Wurth
27%
Odzież Wrangler
18%
Nie znaleziono quizów pasujących do podanych kryteriów
Rozkład punktacji
Procent ludzi z każdym wynikiem
Percentyl według liczby udzielonych odpowiedzi
Twoja historia wyników
Nie rozwiązałeś tego quizu